000 00650cab a2200217 4500
001 ABS37947
008 090401t1987 xxu||||| |||| 00| 0 eng d
035 _a(Sirsi) u7747
041 _aeng
100 _aAscoli, J.
245 _aFarming the public
260 _c1987
350 _a0
490 _aCountryland
_vJune 1987, 16-17(2)
520 _aGives advice and information on the planning and establishment of Open Farms. Includes case studies noting problems over planning permission . Useful addresses given.
650 _aFARM OPEN DAYS
650 _aRURAL ENTERPRISE
690 _aRURAL PRACTICE
942 _n0
948 _c04/03/1997
999 _c4712
_d4712